000 00516nam a2200181Ia 4500
008 240925s9999 xx 000 0 und d
020 _a081202768X
082 _a530.076 GEW
100 _aGewirtz, Herman
245 0 _aBaron's How to Prepare For The College Board Achievement Tests Physics
250 _a4th
260 _aNew York:
_bBarrons Educa Series
_c,1993.
300 _axii,540p.
_bNA
_fPhotocopy
500 _aIncludes Index
600 _aHumanities & Natural Science
650 _aPhysics
942 _cBK
999 _c6180
_d6180